00557nam a2200181 a 4500008004100000020001500041041000800056092002500064100002100089245003300110250003900143260002900182300001000211500008300221590004300304942001300347999001500360180515e1995 sp ||||| |||| 00| f spa d a8472239055 aspa 21a ed.c808l79sSIM1 aSimenon, Maicret00aLiberty BarcGeorges Simenon a1a ed.bTraduccion de Carlos Pujol aBarcelonabPlanetac1995 a174p. aSimenon, M. (1995). Liberty Bar Georges Simenon. (1a ed.). Barcelona: Planeta. aDONACION DR. Andres Gallardo Mayo 2018 2ddccLIT c2740d2740